English unlimited: Starter. Self-study Pack. Workbook with DVD-ROM. A1
Gardado en:
| Main Authors: | , |
|---|---|
| Formato: | Libro |
| Idioma: | inglés |
| Publicado: |
Cambridge
Cambridge University Press
2010
|
| Subjects: | |
| Tags: |
Engadir etiqueta
Sen Etiquetas, Sexa o primeiro en etiquetar este rexistro!
|
MARC
| LEADER | 00000cam a2200000 a 4500 | ||
|---|---|---|---|
| 001 | UCG9274 | ||
| 003 | CL-VaPUC | ||
| 008 | 120306e20100000UK |||||||||||||||||eng|d | ||
| 020 | |a 9780521726344 | ||
| 082 | 0 | 4 | |a 428 |b DOF |2 21 |
| 100 | 0 | |a Doff, Adrian |e author |9 560759 | |
| 700 | 0 | |a Robinson, Nick |e author |9 560760 | |
| 245 | 1 | 0 | |a English unlimited: Starter. Self-study Pack. Workbook with DVD-ROM. A1 |
| 300 | |a 57 p | ||
| 942 | |c BK | ||
| 945 | |d 20120306 00:00:00 |a cmena | ||
| 260 | |a Cambridge |b Cambridge University Press |c 2010 | ||
| 500 | |a Incluye DVD con material complementario | ||
| 650 | 0 | |a Educación lingüística |9 306506 | |
| 650 | 0 | |a Enseñanza del inglés |9 367340 | |
| 650 | 0 | |a Lengua inglesa |9 318842 | |
| 650 | 0 | |a Métodos de enseñanza |9 270413 | |
| 583 | |a last modification |c 20140725 02:38:42 |k Rodrigo Vera | ||
| 999 | |c 346835 |d 346833 | ||
| 952 | |0 0 |1 0 |4 0 |6 428_000000000000000_DOF_2010 |7 0 |8 ? |9 447746 |a FDOILP |b FDOILP |d 2019-11-22 |i 4798449 |o 428 DOF 2010 |p 4798449 |r 2019-11-22 |w 2019-11-22 |y BK |k ILP | ||
| 952 | |0 0 |1 0 |4 0 |6 428_000000000000000_DOF_2010 |7 0 |8 ? |9 447747 |a FDOILP |b FDOILP |d 2019-11-22 |i 4798457 |o 428 DOF 2010 |p 4798457 |r 2019-11-22 |w 2019-11-22 |y BK |k ILP | ||
| 952 | |0 0 |1 0 |2 ddc |4 0 |6 428_000000000000000_DOF_2010 |7 0 |8 A |9 447748 |a BIBING |b BIBING |c RES |d 2019-11-22 |i 4798481 |l 1 |o 428 DOF 2010 |p 4798481 |r 2025-01-20 |s 2022-06-14 |w 2019-11-22 |y BK |k ILP | ||
| 952 | |0 0 |1 0 |4 0 |6 428_000000000000000_DOF_2010 |7 0 |8 ? |9 447749 |a FDOILP |b FDOILP |d 2019-11-22 |i 479852K |o 428 DOF 2010 |p 479852K |r 2019-11-22 |w 2019-11-22 |y BK |k ILP | ||
| 952 | |0 0 |1 0 |4 0 |6 428_000000000000000_DOF_2010 |7 0 |8 ? |9 447750 |a FDOILP |b FDOILP |d 2019-11-22 |i 4798538 |o 428 DOF 2010 |p 4798538 |r 2019-11-22 |w 2019-11-22 |y BK |k ILP | ||
| 952 | |0 0 |1 0 |4 0 |6 428_000000000000000_DOF_2010 |7 0 |8 ? |9 447751 |a FDOILP |b FDOILP |d 2019-11-22 |i 4798546 |o 428 DOF 2010 |p 4798546 |r 2019-11-22 |w 2019-11-22 |y BK |k ILP | ||
| 952 | |0 0 |1 0 |4 0 |6 428_000000000000000_DOF_2010 |7 0 |8 ? |9 447752 |a FDOILP |b FDOILP |d 2019-11-22 |i 4798562 |o 428 DOF 2010 |p 4798562 |r 2019-11-22 |w 2019-11-22 |y BK |k ILP | ||
| 952 | |0 0 |1 0 |4 0 |6 428_000000000000000_DOF_2010 |7 0 |8 ? |9 447753 |a FDOILP |b FDOILP |d 2019-11-22 |i 4798589 |o 428 DOF 2010 |p 4798589 |r 2019-11-22 |w 2019-11-22 |y BK |k ILP | ||
| 952 | |0 0 |1 0 |4 0 |6 428_000000000000000_DOF_2010 |7 0 |8 ? |9 447754 |a FDOILP |b FDOILP |d 2019-11-22 |i 4798597 |o 428 DOF 2010 |p 4798597 |r 2024-01-30 |w 2019-11-22 |y BK |k ILP | ||
| 952 | |0 0 |1 0 |4 0 |6 428_000000000000000_DOF_2010 |7 0 |8 ? |9 447755 |a FDOILP |b FDOILP |d 2019-11-22 |i 4798600 |o 428 DOF 2010 |p 4798600 |r 2019-11-22 |w 2019-11-22 |y BK |k ILP | ||
| 952 | |0 0 |1 0 |4 0 |6 428_000000000000000_DOF_2010 |7 0 |8 ? |9 447756 |a FDOILP |b FDOILP |d 2019-11-22 |i 4798619 |o 428 DOF 2010 |p 4798619 |r 2019-11-22 |w 2019-11-22 |y BK |k ILP | ||
| 952 | |0 0 |1 0 |4 0 |6 428_000000000000000_DOF_2010 |7 0 |8 ? |9 447757 |a FDOILP |b FDOILP |d 2019-11-22 |i 4798627 |o 428 DOF 2010 |p 4798627 |r 2019-11-22 |w 2019-11-22 |y BK |k ILP | ||
| 952 | |0 0 |1 0 |4 0 |6 428_000000000000000_DOF_2010 |7 0 |8 ? |9 447758 |a FDOILP |b FDOILP |d 2019-11-22 |i 4807529 |o 428 DOF 2010 |p 4807529 |r 2019-11-22 |w 2019-11-22 |y BK |k ILP | ||
| 952 | |0 0 |1 0 |4 0 |6 428_000000000000000_DOF_2010 |7 0 |8 R |9 447759 |a BIBAGR |b BIBAGR |d 2019-11-22 |i 4798511 |o 428 DOF 2010 |p 4798511 |r 2024-01-30 |w 2019-11-22 |y BK_R |k ILA | ||
| 952 | |0 0 |1 0 |4 0 |6 428_000000000000000_DOF_2010 |7 0 |8 A |9 447760 |a BIBCUR |b BIBCUR |d 2019-11-22 |i 4798570 |o 428 DOF 2010 |p 4798570 |r 2025-04-22 |w 2019-11-22 |y BK |k ILC | ||
| 952 | |0 0 |1 0 |4 0 |6 428_000000000000000_DOF_2010 |7 0 |8 A |9 447761 |a BIBALI |b BIBALI |c RES |d 2019-11-22 |i 4798554 |o 428 DOF 2010 |p 4798554 |r 2025-01-20 |w 2019-11-22 |y BK_R |k ALI | ||
| 952 | |0 0 |1 0 |4 0 |6 428_000000000000000_DOF_2010 |7 0 |8 A |9 447762 |a BIBALI |b BIBALI |c RES |d 2019-11-22 |i 4798503 |o 428 DOF 2010 |p 4798503 |r 2025-01-20 |w 2019-11-22 |y BK_R |k ALI | ||
| 952 | |0 0 |1 0 |4 0 |6 428_000000000000000_DOF_2010 |7 0 |8 A |9 447763 |a BIBALI |b BIBALI |c RES |d 2019-11-22 |i 479849K |o 428 DOF 2010 |p 479849K |r 2025-01-20 |w 2019-11-22 |y BK_R |k ALI | ||
| 952 | |0 0 |1 0 |4 0 |6 428_000000000000000_DOF_2010 |7 0 |8 A |9 447764 |a BIBALI |b BIBALI |c RES |d 2019-11-22 |i 4798473 |o 428 DOF 2010 |p 4798473 |r 2025-01-20 |w 2019-11-22 |y BK_R |k ALI | ||
| 952 | |0 0 |1 0 |4 0 |6 428_000000000000000_DOF_2010 |7 0 |8 A |9 447765 |a BIBALI |b BIBALI |c RES |d 2019-11-22 |i 4798465 |o 428 DOF 2010 |p 4798465 |r 2025-01-20 |w 2019-11-22 |y BK_R |k ALI | ||